Mensch und Natur im Mittelalter
| Corporate Author: | |
|---|---|
| Contributors: | |
| Format: | Print Book |
| Language: | German English French Spanish |
| Subito Delivery Service: | Order now. |
| Check availability: | HBZ Gateway |
| WorldCat: | WorldCat |
| Interlibrary Loan: | Interlibrary Loan for the Fachinformationsdienste (Specialized Information Services in Germany) |
| Published: |
Berlin New York
De Gruyter
1991-1992
|
| In: | Year: 1991 |
| Reviews: | |
| Volumes / Articles: | Show volumes/articles. |
| Series/Journal: | Miscellanea mediaevalia
21 |
| Standardized Subjects / Keyword chains: | B
Nature
/ Human being
B Natural philosophy / History 500-1500 |
| Further subjects: | B
Nature
B Collection of essays B History 500-1500 B Human being B Conference program 1990 (Cologne) |
MARC
| LEADER | 00000cam a2200000 ca4500 | ||
|---|---|---|---|
| 001 | 1096527545 | ||
| 003 | DE-627 | ||
| 005 | 20260206194644.0 | ||
| 007 | tu | ||
| 008 | 911129m19911992gw ||||| 00| ||ger c | ||
| 015 | |a 91,N42,0499 |2 dnb | ||
| 016 | 7 | |a 551874244 |2 DE-101 | |
| 035 | |a (DE-627)1096527545 | ||
| 035 | |a (DE-603)01849854X | ||
| 035 | |a (DE-576)026527545 | ||
| 035 | |a (DE-599)DNB551874244 | ||
| 035 | |a (OCoLC)25250765 | ||
| 040 | |a DE-627 |b ger |c DE-627 |e rakwb | ||
| 041 | |a ger |a eng |a fre |a spa | ||
| 044 | |c XA-DE-BE | ||
| 082 | 0 | |a 113 |2 DDC20oclc | |
| 084 | |a 1 |2 ssgn | ||
| 084 | |a NM 1400 |2 rvk |0 (DE-625)rvk/126291: | ||
| 084 | |a CE 1250 |2 rvk |0 (DE-625)rvk/17859: | ||
| 084 | |a GE 8201 |2 rvk |0 (DE-625)rvk/39316: | ||
| 084 | |a BF 1505 |2 rvk |0 (DE-625)rvk/10891: | ||
| 084 | |a NM 1300 |2 rvk |0 (DE-625)rvk/126290: | ||
| 245 | 0 | 0 | |a Mensch und Natur im Mittelalter |c hrsg. von Albert Zimmermann und Andreas Speer. [27. Kölner Mediaevistentagung vom 11. bis 14. September 1990] |
| 264 | 1 | |a Berlin |a New York |b De Gruyter |c 1991-1992 | |
| 336 | |a Text |b txt |2 rdacontent | ||
| 337 | |a ohne Hilfsmittel zu benutzen |b n |2 rdamedia | ||
| 338 | |a Band |b nc |2 rdacarrier | ||
| 490 | 0 | |a Miscellanea mediaevalia |v 21 | |
| 601 | |a Mittelalter | ||
| 648 | 7 | |a Geschichte 500-1500 |2 gnd | |
| 650 | 0 | 7 | |0 (DE-588)4038639-9 |0 (DE-627)106231286 |0 (DE-576)209031298 |a Mensch |2 gnd |
| 650 | 0 | 7 | |0 (DE-588)4041358-5 |0 (DE-627)104288833 |0 (DE-576)209044594 |a Natur |2 gnd |
| 655 | 7 | |a Aufsatzsammlung |0 (DE-588)4143413-4 |0 (DE-627)105605727 |0 (DE-576)209726091 |2 gnd-content | |
| 655 | 7 | |a Konferenzschrift |y 1990 |z Köln |0 (DE-588)1071861417 |0 (DE-627)826484824 |0 (DE-576)433375485 |2 gnd-content | |
| 689 | 0 | 0 | |d s |0 (DE-588)4041358-5 |0 (DE-627)104288833 |0 (DE-576)209044594 |2 gnd |a Natur |
| 689 | 0 | 1 | |d s |0 (DE-588)4038639-9 |0 (DE-627)106231286 |0 (DE-576)209031298 |2 gnd |a Mensch |
| 689 | 0 | |5 (DE-627) | |
| 689 | 1 | 0 | |d s |0 (DE-588)4041408-5 |0 (DE-627)106219383 |0 (DE-576)209044748 |2 gnd |a Naturphilosophie |
| 689 | 1 | 1 | |q z |2 gnd |a Geschichte 500-1500 |
| 689 | 1 | |5 (DE-627) | |
| 700 | 1 | |e Hrsg. |0 (DE-588)119209926 |0 (DE-627)080008399 |0 (DE-576)211632813 |4 edt |a Zimmermann, Albert |d 1928-2017 | |
| 711 | 2 | |0 (DE-588)5065217-5 |0 (DE-627)121194574 |0 (DE-576)193965690 |4 oth |a Kölner Mediaevistentagung |n 27. |d 1990 |c Köln | |
| 787 | 0 | 8 | |i Rezensiert in |w (DE-603)130878367 |
| 787 | 0 | 8 | |i Rezensiert in |w (DE-603)131219200 |
| 935 | |a mteo |a BWLB | ||
| 936 | r | v | |a NM 1400 |b Kirchengeschichte, Geistes- und Kulturgeschichte |k Geschichte |k Geschichte des Mittelalters |k Quellen und Darstellungen zum Gesamtzeitraum |k Darstellungen |k Kirchengeschichte, Geistes- und Kulturgeschichte |0 (DE-627)1270944614 |0 (DE-625)rvk/126291: |0 (DE-576)200944614 |
| 936 | r | v | |a CE 1250 |b Sonstiges |k Philosophie |k Geschichte der Philosophie |k Geschichte der Philosophie des Abendlandes von Antike bis 20. Jahrhundert |k Philosophie des Mittelalters |k Sonstiges |0 (DE-627)1270640550 |0 (DE-625)rvk/17859: |0 (DE-576)200640550 |
| 936 | r | v | |a GE 8201 |b Geistes- und Ideengeschichte |k Germanistik. Niederlandistik. Skandinavistik |k Deutsche Literatur |k Deutsche Literatur des Mittelalters |k Literaturgeschichte |k Geistes- und Ideengeschichte |0 (DE-627)1270652575 |0 (DE-625)rvk/39316: |0 (DE-576)200652575 |
| 936 | r | v | |a BF 1505 |b Naturphilosophie |k Theologie und Religionswissenschaften |k Philosophie |k Philosophiegeschichte |k Philosophiegeschichte nach Disziplinen und Sachbereichen |k Naturphilosophie |0 (DE-627)1270719890 |0 (DE-625)rvk/10891: |0 (DE-576)200719890 |
| 936 | r | v | |a NM 1300 |b Einzelbeiträge (u.a. Sammelbiografien) |k Geschichte |k Geschichte des Mittelalters |k Quellen und Darstellungen zum Gesamtzeitraum |k Darstellungen |k Einzelbeiträge (u.a. Sammelbiografien) |0 (DE-627)1270881418 |0 (DE-625)rvk/126290: |0 (DE-576)200881418 |
| 951 | |a MC | ||
| ACO | |a 1 | ||
| BIB | |a 1 | ||
| ELC | |b 1 | ||
| ITA | |a 1 |t 1 | ||
| LOK | |0 000 xxxxxcx a22 zn 4500 | ||
| LOK | |0 001 2176340310 | ||
| LOK | |0 003 DE-627 | ||
| LOK | |0 004 1096527545 | ||
| LOK | |0 005 20020413000000 | ||
| LOK | |0 008 911205||||||||||||||||ger||||||| | ||
| LOK | |0 040 |a DE-21 |c DE-627 |d DE-21 | ||
| LOK | |0 852 |a DE-21 | ||
| LOK | |0 852 1 |c 31 A 17705 |9 00 | ||
| LOK | |0 935 |a theo | ||
| LOK | |0 936ln |a t3.2 | ||
| LOK | |0 939 |a 1991-12-05 |b l01 | ||
| LOK | |0 000 xxxxxcx a22 zn 4500 | ||
| LOK | |0 001 2176340329 | ||
| LOK | |0 003 DE-627 | ||
| LOK | |0 004 1096527545 | ||
| LOK | |0 005 20020411000000 | ||
| LOK | |0 008 920107||||||||||||||||ger||||||| | ||
| LOK | |0 040 |a DE-21-35 |c DE-627 |d DE-21-35 | ||
| LOK | |0 852 |a DE-21-35 | ||
| LOK | |0 852 1 |c Ez 2.19-21 |m p |9 00 | ||
| LOK | |0 938 |k p | ||
| LOK | |0 939 |a 1992-01-07 |b l01 | ||
| LOK | |0 000 xxxxxcx a22 zn 4500 | ||
| LOK | |0 001 2176340337 | ||
| LOK | |0 003 DE-627 | ||
| LOK | |0 004 1096527545 | ||
| LOK | |0 005 20050330000000 | ||
| LOK | |0 008 960702||||||||||||||||ger||||||| | ||
| LOK | |0 040 |a DE-21-108 |c DE-627 |d DE-21-108 | ||
| LOK | |0 092 |o l | ||
| LOK | |0 541 |e 1149/92#7378/91 | ||
| LOK | |0 852 |a DE-21-108 | ||
| LOK | |0 852 1 |c HA 060.023 |m p |9 00 | ||
| LOK | |0 866 |a Vorh.: Bd. 1 - 2 | ||
| LOK | |0 935 |a kneu | ||
| LOK | |0 936ln |0 1294774603 |a HA 060 | ||
| LOK | |0 938 |k p | ||
| LOK | |0 939 |a 1996-07-02 |b l01 | ||
| LOK | |0 000 xxxxxcx a22 zn 4500 | ||
| LOK | |0 001 2575546958 | ||
| LOK | |0 003 DE-627 | ||
| LOK | |0 004 1096527545 | ||
| LOK | |0 005 20080704091920 | ||
| LOK | |0 008 080704||||||||||||||||ger||||||| | ||
| LOK | |0 040 |a DE-21-32b |c DE-627 |d DE-21-32b | ||
| LOK | |0 852 |a DE-21-32b | ||
| LOK | |0 852 1 |m p |9 00 | ||
| LOK | |0 935 |a k32b |a kneu | ||
| LOK | |0 938 |k p | ||
| LOK | |0 939 |a 2008-07-04 |b l01 | ||
| ORI | |a TA-MARC-ixtheob001.raw | ||
| REF | |a Naturgeschichte | ||
| REL | |a 1 | ||
| SPR | |a 1 |t IXT |t REL | ||
| STA | 0 | 0 | |a Human being,Human being,Man,Anthropoid representation,Human image,Human beings in literature,Natural philosophy,Philosophy of nature,Nature,Nature |
| STB | 0 | 0 | |a Nature,Nature,Philosophie de la nature,Être humain,Être humain,Homme,Homme,Homo sapiens,Personnages littéraires |
| STC | 0 | 0 | |a Filosofía de la naturaleza,Naturaleza,Naturaleza,Ser humano,Ser humano |
| STD | 0 | 0 | |a Essere umano,Essere umano,Filosofia della natura,Natura,Natura |
| STE | 0 | 0 | |a 人,人,人类,人类,大自然,大自然,自然界,自然界,自然哲学 |
| STF | 0 | 0 | |a 人,人,人類,人類,大自然,大自然,自然界,自然界,自然哲學 |
| STG | 0 | 0 | |a Filosofia da natureza,Natureza,Natureza,Ser humano,Ser humano |
| STH | 0 | 0 | |a Природа (мотив),Природа,Философия природы,Человек (мотив),Человек |
| STI | 0 | 0 | |a Άνθρωπος (μοτίβο),Άνθρωπος,Φιλοσοφία της φύσης,Φύση (μοτίβο),Φύση |
| SUB | |a BIB |a REL | ||
| SYE | 0 | 0 | |a Menschen,Menschenbild,Anthropoide Darstellung,Menschen,Homo sapiens , Naturdarstellung |
| SYG | 0 | 0 | |a Naturdarstellung , Menschen,Menschenbild,Anthropoide Darstellung,Menschen,Homo sapiens , Natur,Physiologia |
| TIM | |a 100005000101_100015001231 |b Geschichte 500-1500 | ||